|
|
|
|
| LEADER |
01933nam a2200517 i 4500 |
| 001 |
nkc20152733636 |
| 003 |
CZ PrNK |
| 005 |
20171124125342.0 |
| 007 |
ta |
| 008 |
150930s2015 xr a b 000 j cze |
| 015 |
|
|
|a cnb002733636
|
| 020 |
|
|
|a 978-80-00-03922-0
|q (vázáno)
|
| 035 |
|
|
|a (OCoLC)1015189844
|
| 040 |
|
|
|a BOA001
|b cze
|d ABA001
|e rda
|
| 072 |
|
7 |
|a 821.162.3-3
|x Česká próza
|2 Konspekt
|9 25
|
| 072 |
|
7 |
|a 821-93
|x Literatura pro děti a mládež (beletrie)
|2 Konspekt
|9 26
|
| 080 |
|
|
|a 821-93
|2 MRF
|
| 080 |
|
|
|a 821.162.3-32
|2 MRF
|
| 080 |
|
|
|a (0:82-32)
|2 MRF
|
| 100 |
1 |
|
|a Lamková, Hana,
|d 1934-
|7 jk01071444
|4 aut
|
| 245 |
1 |
0 |
|a Káťa a Škubánek /
|c Hana Lamková, Josef Lamka, Libuše Koutná ; podle kresleného filmu Věry Marešové ilustrovala Marcela Walterová
|
| 250 |
|
|
|a 3. vydání (v této úpravě 1.)
|
| 264 |
|
1 |
|a V Praze :
|b Albatros,
|c 2015
|
| 300 |
|
|
|a 68 stran :
|b barevné ilustrace ;
|c 25 cm
|
| 336 |
|
|
|a text
|b txt
|2 rdacontent
|
| 337 |
|
|
|a bez média
|b n
|2 rdamedia
|
| 338 |
|
|
|a svazek
|b nc
|2 rdacarrier
|
| 490 |
1 |
|
|a Dětská knihovnička
|
| 500 |
|
|
|a Na obálce pod názvem: Albert
|
| 521 |
8 |
|
|a Pro děti od 5 let
|
| 655 |
|
7 |
|a české příběhy
|7 fd133973
|2 czenas
|
| 655 |
|
7 |
|a publikace pro děti
|7 fd133156
|2 czenas
|
| 655 |
|
9 |
|a Czech stories
|2 eczenas
|
| 655 |
|
9 |
|a children's literature
|2 eczenas
|
| 700 |
1 |
|
|a Lamka, Josef,
|d 1931-2009
|7 jk01071443
|4 aut
|
| 700 |
1 |
|
|a Koutná, Libuše
|7 mzk2005318091
|4 aut
|
| 700 |
1 |
|
|a Walterová, Marcela,
|d 1949-
|7 ola20040402001
|4 ill
|
| 700 |
1 |
|
|a Marešová, Věra
|7 xx0072452
|4 ant
|
| 710 |
2 |
|
|a Ahold Czech Republic (firma)
|7 kn20091008005
|4 isb
|
| 830 |
|
0 |
|a Dětská knihovnička
|0 s
|
| 910 |
2 |
|
|a BOA001
|b 2-1371.806
|
| 928 |
9 |
|
|a Albatros Media - Albatros
|
| 990 |
|
|
|a BK
|
| 995 |
|
|
|a 01
|
| 991 |
|
|
|b 201609
|c NOV
|
| 996 |
6 |
|
|b 2610680141
|c 2-1371.806
|l MZK
|r Sklad / do 1 hodiny
|n 0
|p p.v.
|w 001575974
|u 000010
|a 1
|e BOA001
|j MZK50
|s P
|